01182nam a2200241 a 450000100060000000300090000600800410001502000150005604000280007108200160009911001360011524500700025126000560032130000090037759001260038665000270051265000460053965000440058594200120062999900170064195201510065895201310080922210CO-ViMGA141112s2004 ck r 000 u spa d a9589298834 aCO-ViMGAbspacCO-ViMGA04a651.7 S354g aSeminario sobre la administracion de la correspondencia como parte de la gestión documental (noviembre de 2001 : Bogotá)93165810aGestión de la correspondencia : bmemorias del primer seminario aBogotá : bArchivo General de la Nación, c2002 a178p aForma de adquisición : Compra - - Precio : 22.400 - - Proveedor : Bernalibros - - Fecha de adquisición : Octubre 200714aCORRESPONDENCIA95220814aCORRESPONDENCIA - ADMINISTRACIÓN93165914aCORRESPONDENCIA - ORGANIZACIÓN931660 2ddccBK c30635d30635 00102ddc40708002aMEVIECARbMEVIECARd2015-12-04hVolumen. 1 | 11/jun/2009l0o651.7 S354g p22210r2015-12-04 00:00:00tEj. 1w2015-12-04yBK 00102ddc40708GENaMEPLOPEZbMEPLOPEZcGENd2025-07-22l0o651.7 S354gpPLZ02485r2025-07-22 08:08:21tEj.1w2025-07-22yBK